| 000 | 00928nam a22002297a 4500 | ||
|---|---|---|---|
| 999 |
_c2956 _d2956 |
||
| 003 | AR-CdUCM | ||
| 008 | 190305b ||||| |||| 00| 0 spa d | ||
| 040 |
_aMUNICIPALIDAD PROVINCIAL DEL CUSCO _cBIBLIOTECA MUNICIPAL DEL CUSCO |
||
| 082 |
_a321 / _bC75 |
||
| 100 |
_aColomer Viadel, Antonio _910130 |
||
| 245 | _aIntroducción al constitucionalismo Ibeoamericano / | ||
| 260 |
_aMádrid : _bEdiciones de Cultura Hispanica , _c1990. |
||
| 300 |
_a184 páginas ; _c24 cm. |
||
| 440 |
_aEdiciones de Cultura Híspanica _n. Arte _910131 |
||
| 505 | _aContenido: El Estado - Nacion en el mundo Iberoamericano -- Rangos del Constitucionalismo Iberoamericano -- El mito del Ejecutivo -- Participacion Politica, Democracia Constitucional y Democracia representativa... | ||
| 650 |
_aDerecho _9739 |
||
| 650 |
_aConstitucionalismo _910132 |
||
| 650 |
_aEstado _9738 |
||
| 650 |
_aPolitica _9291 |
||
| 942 |
_2ddc _cLIBROS |
||
| 945 | _artm | ||